Colours (Record no. 229)
[ view plain ]
| 000 -LEADER | |
|---|---|
| fixed length control field | 00352nam a22001457a 4500 |
| 020 ## - INTERNATIONAL STANDARD BOOK NUMBER | |
| ISBN | 9788181312563 |
| 082 ## - DEWEY DECIMAL CLASSIFICATION NUMBER | |
| Classification number | 823 |
| Item number | BR1/C |
| 245 ## - TITLE STATEMENT | |
| Title | Colours |
| Remainder of title | Early Discovery |
| 246 ## - VARYING FORM OF TITLE | |
| Title proper/short title | Colours |
| Remainder of title | Early Discovery |
| 250 ## - EDITION STATEMENT | |
| Edition statement | 2012 |
| 260 ## - PUBLICATION, DISTRIBUTION, ETC. (IMPRINT) | |
| Name of publisher | Franklin |
| Year of publication | 2015 |
| 300 ## - PHYSICAL DESCRIPTION | |
| Number of Pages | 48 |
| 520 ## - SUMMARY, ETC. | |
| Summary, etc | Helping children get the most out of the colours volume |
| 942 ## - ADDED ENTRY ELEMENTS (KOHA) | |
| Koha item type | Books |
| Withdrawn status | Lost status | Collection code | Home library | Current library | Shelving location | Date acquired | Source of acquisition | Full call number | Accession Number | Koha item type |
|---|---|---|---|---|---|---|---|---|---|---|
| Fiction | Main Library | Main Library | SHELF-12E-EARLY DISCOVERY,MAGIC PLACE | 27/04/2015 | Purchase | 823 BR1/C | 09290 | Books |